000 00861cam a22002414a 4500
020 _a0471414247 (cloth : alk. paper)
040 _cDLC
082 0 0 _a658 J.WI 2001 A050 Or.
245 0 0 _aTechVenture :
_bnew rules on value and profit from Silicon Valley /
246 3 0 _aNew rules on value and profit from Silicon Valley
260 _aNew York :
_bJ. Wiley,
_cc2001.
300 _axxiii, 344 p. :
_bill. ;
_c24 cm.
650 0 _aElectronic commerce.
650 0 _aElectronic commerce
650 0 _aBusiness enterprises
650 0 _aVenture capital.
650 0 _aElectronic commerce
700 1 _aSawhney, Mohanbir S.
856 4 2 _uhttp://www.loc.gov/catdir/bios/wiley044/2001024554.html
856 4 2 _uhttp://www.loc.gov/catdir/description/wiley037/2001024554.html
856 4 _uhttp://www.loc.gov/catdir/toc/onix07/2001024554.html
942 _cEK
999 _c14041
_d14041